000 00282nam a22001097a 4500
082 _a658
_bJAI/UP
100 _aJain,T.S
_9931
100 _aRajput, O.P.
_9934
245 _aUpkar's Bank Agriculture Officers Recruitment Exam
260 _aAgra - 2
_bUpkar Prakashan
_c2013
942 _cREF
999 _c14536
_d14536